The revival /

Bibliographic Details
Corporate Author: Tony! Toni! Toné! (Musical group) (Performer)
Format: CD Audio
Language:English
Published: New York, N.Y. : Wing Records, [1990]
Subjects:

MARC

Tag First Indicator Second Indicator Subfields
LEADER 00000cjm a2200000 a 4500
001 in00003516913
005 20151206123802.0
007 sd zunznnmlne|
008 920129s1990 nyurcnn n eng d
010 |a  92751507  
019 |a 256960716 
024 1 |a 042284190220 
028 0 2 |a 841 902-2  |b Wing 
035 |a (OCoLC)ocm21743742 
035 |a (OCoLC)21743742  |z (OCoLC)256960716 
037 |b Midwest Tape  |n http://www.midwesttapes.com 
040 |a NjWhiM  |b eng  |c DLC  |d TEF  |d TEFMT  |d OCLCF  |d TXA  |d UtOrBLW 
042 |a lccopycat 
049 |a TXAM 
050 0 0 |a SDA 46085 
050 1 4 |a M1630.18.T66  |b R48 1990 
082 0 4 |a 782.421649  |2 22 
090 |a M1630.18.T654  |b R48 1990 
110 2 |a Tony! Toni! Toné! (Musical group),  |e performer. 
245 1 4 |a The revival /  |c Tony! Toni! Toné!. 
264 1 |a New York, N.Y. :  |b Wing Records,  |c [1990] 
264 4 |c ℗1990 
300 |a 1 sound disc (61 min.) :  |b digital ;  |c 4 3/4 in. 
306 |a 006551 
336 |a performed music  |b prm  |2 rdacontent 
337 |a audio  |b s  |2 rdamedia 
338 |a audio disc  |b sd  |2 rdacarrier 
511 0 |a Tony! Toni! Toné! (Raphael Wiggins, Dwayne Wiggins, Carl Wheeler, Tim Christian, Elijah Baker). 
500 |a Compact disc. 
505 0 |a Feels good (4:56) -- All the way (4:26) -- Oakland stroke (featuring Vanessa Williams) (4:39) -- The blues (4:10) -- Let's have a good time (4:01) -- It never rains (in southern California) (5:00) -- Whatever you want (4:48) -- I care (5:55) -- Sky's the limit (4:35) -- All my love (5:58) -- Don't talk about me (4:14) -- Skin tight (3:59) -- Jo-Jo (4:12) -- Those were the days (4:58). 
500 |a Sound recording. 
650 0 |a Rap (Music) 
650 0 |a Rock music  |y 1981-1990. 
650 7 |a Rap (Music)  |2 fast  |0 (OCoLC)fst01089951 
650 7 |a Rock music.  |2 fast  |0 (OCoLC)fst01099204 
648 7 |a 1981 - 1990  |2 fast 
948 |a cataloged  |b h  |c 2014/11/26  |d c  |e jolivare  |f 10:55:34 am 
994 |a C0  |b TXA 
999 |a MARS 
999 f f |s 15a4af89-bc11-3c90-8567-30b5bf49db2c  |i fec8efcd-d449-30ce-b677-f3fc3d6b7819  |t 0 
952 f f |p ric  |a Texas A&M University  |b Rellis Campus  |c Joint Library Facility  |d Remote Storage  |t 0  |e M1630.18.T654 R48 1990  |h Library of Congress classification  |i audio -- audio disc  |m A14842760317 
998 f f |a M1630.18.T654 R48 1990  |t 0  |l Remote Storage